<?xml version="1.0" encoding="UTF-8"?><?xml-stylesheet type="text/xsl" href="static/style.xsl"?><OAI-PMH xmlns="http://www.openarchives.org/OAI/2.0/" xmlns:xsi="http://www.w3.org/2001/XMLSchema-instance" xsi:schemaLocation="http://www.openarchives.org/OAI/2.0/ http://www.openarchives.org/OAI/2.0/OAI-PMH.xsd"><responseDate>2026-04-17T07:57:36Z</responseDate><request verb="GetRecord" identifier="oai:www.recercat.cat:10459.1/64484" metadataPrefix="marc">https://recercat.cat/oai/request</request><GetRecord><record><header><identifier>oai:recercat.cat:10459.1/64484</identifier><datestamp>2024-12-05T22:49:10Z</datestamp><setSpec>com_2072_3622</setSpec><setSpec>col_2072_479130</setSpec></header><metadata><record xmlns="http://www.loc.gov/MARC21/slim" xmlns:dcterms="http://purl.org/dc/terms/" xmlns:xsi="http://www.w3.org/2001/XMLSchema-instance" xmlns:doc="http://www.lyncode.com/xoai" xsi:schemaLocation="http://www.loc.gov/MARC21/slim http://www.loc.gov/standards/marcxml/schema/MARC21slim.xsd">
   <leader>00925njm 22002777a 4500</leader>
   <datafield ind2=" " ind1=" " tag="042">
      <subfield code="a">dc</subfield>
   </datafield>
   <datafield ind2=" " ind1=" " tag="720">
      <subfield code="a">Vena Martínez, Ana Belén</subfield>
      <subfield code="e">author</subfield>
   </datafield>
   <datafield ind2=" " ind1=" " tag="260">
      <subfield code="c">2018-02-28T12:25:44Z</subfield>
   </datafield>
   <datafield ind2=" " ind1=" " tag="260">
      <subfield code="c">2018-05-26T01:00:15Z</subfield>
   </datafield>
   <datafield ind2=" " ind1=" " tag="260">
      <subfield code="c">2017-11-27</subfield>
   </datafield>
   <datafield ind2=" " ind1=" " tag="520">
      <subfield code="a">L’envelliment poblacional actual presenta un impacte significatiu en la salut pública i en l’atenció&#xd;
sanitària. Ens plantegem estudiar exhaustivament la incidència d’ictus, les característiques i la&#xd;
resposta al tractament fibrinolític (TF) en els pacients ≥ 80 anys. Metodologia: La tesis consta de 4&#xd;
articles. En el 1r s’estudien les tasses d’incidència brutes i les tasses d’incidència ajustades per edat&#xd;
en la província de Lleida entre 2010 i 2014. En el 2n, es comparen les característiques i l’evolució dels&#xd;
pacients amb ictus isquèmic (IcI) en funció de l’edat En el 3r s’estableix l’evolució de 740 pacients&#xd;
amb IcI de l’Hospital Arnau de Vilanova quan no existeix restricció a l’ingrés a la UI o al TF. En el&#xd;
darrer article es determina es determina la resposta al TF en les persones ≥ 80 anys en funció de les&#xd;
característiques del centre on s'aplica, Conclusió: La incidència ajustada d’ictus a Lleida és similar a la&#xd;
d'altres regions europees. L’edat és un clar factor d’increment de la incidència. Els ictus en persones&#xd;
≥80 anys tenen característiques pròpies. El TF en la pràctica clínica és efectiu i segur en ≥80 anys&#xd;
amb independència de les característiques de l’hospital.</subfield>
   </datafield>
   <datafield ind2=" " ind1=" " tag="520">
      <subfield code="a">El envejecimiento poblacional actual presenta un impacto significativo en la salud pública y en la&#xd;
atención sanitaria. Nos planteamos indagar exhaustivamente en la incidencia del ictus, las&#xd;
características y la respuesta al tratamiento fibrinolítco (TF) de las personas ≥ 80 años. Metodología:&#xd;
La tesis consta de 4 artículos. En el 1º se estudian las tasas de incidencia bruta y de incidencia&#xd;
ajustada por edad en la provincia de Lleida de 2010 a 2014. En el 2º se comparan las características&#xd;
y la evolución de los pacientes con ictus isquémico (IcI) en función de la edad. En el 3º se indaga la&#xd;
evolución de 740 pacientes con IcI del Hospital Arnau de Vilanova cuando no existe restricción al&#xd;
ingreso en la UI o al TF. Finalmente, se determina la respuesta al TF en las personas > 80 años en&#xd;
función de las características del centro donde se aplica .Conclusión: La incidencia ajustada de ictus&#xd;
en Lleida es similar a la de otras regiones europeas. La edad es un claro factor de incremento de&#xd;
incidencia. Los ictus en personas ≥80 años tienen características propias. El TF en la práctica clínica&#xd;
es efectivo y seguro en ≥80 años con independencia de la característica del hospital.</subfield>
   </datafield>
   <datafield ind2=" " ind1=" " tag="520">
      <subfield code="a">Current population aging has a significant impact on public health and in health care. One of the major&#xd;
diseases that is related to age is the cerebrovascular disease. We intend to investigate exhaustively&#xd;
the incidence of stroke, characteristics and response to intravenous thrombolysis (IVT) In people > 80&#xd;
years. Methodology: The thesis consists of 4 articles. In the first study the gross incidence rates and&#xd;
incidence rates adjusted for age in the province of Lleida from 2010 to 2014. In the second, we&#xd;
compare the characteristics and the evolution of patients with ischemic stroke (IS) according to the&#xd;
age In the third, we investigate the evolution of 740 patients with IcI of the Hospital Universitario Arnau&#xd;
de Vilanova when there is no restriction on admission to the stroke unit or IVT. Finally, the response to&#xd;
IVT in individuals > 80 years is determined according to the characteristics of the center where it is&#xd;
applied. Conclusion: The adjusted incidence of stroke in Lleida is similar to that of other European&#xd;
regions. Age is a clear factor of incidence increase. Strokes in people ≥ 80 years have their own&#xd;
characteristics. The IVT in clinical practice is effective and safe in ≥ 80 years regardless of the&#xd;
hospital's characteristics.</subfield>
   </datafield>
   <datafield ind1="8" ind2=" " tag="024">
      <subfield code="a">http://hdl.handle.net/10459.1/64484</subfield>
   </datafield>
   <datafield tag="653" ind2=" " ind1=" ">
      <subfield code="a">Ancià</subfield>
   </datafield>
   <datafield tag="653" ind2=" " ind1=" ">
      <subfield code="a">Ictus</subfield>
   </datafield>
   <datafield tag="653" ind2=" " ind1=" ">
      <subfield code="a">Fibrinòlisi</subfield>
   </datafield>
   <datafield tag="653" ind2=" " ind1=" ">
      <subfield code="a">Anciano</subfield>
   </datafield>
   <datafield tag="653" ind2=" " ind1=" ">
      <subfield code="a">Fibrinolisis</subfield>
   </datafield>
   <datafield tag="653" ind2=" " ind1=" ">
      <subfield code="a">Elderly</subfield>
   </datafield>
   <datafield tag="653" ind2=" " ind1=" ">
      <subfield code="a">Stroke</subfield>
   </datafield>
   <datafield tag="653" ind2=" " ind1=" ">
      <subfield code="a">Fibrinolysis</subfield>
   </datafield>
   <datafield tag="653" ind2=" " ind1=" ">
      <subfield code="a">Medicina</subfield>
   </datafield>
   <datafield tag="653" ind2=" " ind1=" ">
      <subfield code="a">616.8</subfield>
   </datafield>
   <datafield ind2="0" ind1="0" tag="245">
      <subfield code="a">Incidencia, características y evolución de los pacientes mayores con ictus</subfield>
   </datafield>
</record></metadata></record></GetRecord></OAI-PMH>